Mujeres sanas sin cáncer de útero /

Bibliographic Details
Main Authors: Muñoz Avilés, Oswaldo (Author), Martínez Borrero, Pedro (Author), Matailo, Luci (Author)
Format: Electronic eBook
Language:Spanish
Published: Cuenca, Ecuador : Universidad del Azuay, Casa Editora, [2018]
Subjects:
Online Access:Digitalia Hispánica

MARC

LEADER 00000nam a2200000 i 4500
001 DIGUAZUAY0048
003 NyNyDIG
007 cr |||||||||||
008 260114s2018 ec a ob 000 0 spa d
006 m o d
035 |a (OCoLC)1438853680 
040 |a DGITA  |b eng  |e rda  |e pn  |c DGITA 
020 |a 9789942778635  |q eBook 
020 |z 9789942778611 
050 1 4 |a RC280.U8 ebook 
100 1 |a Muñoz Avilés, Oswaldo,  |e author. 
245 1 0 |a Mujeres sanas sin cáncer de útero /  |c Oswaldo Muñoz, Pedro Martínez, Luci Matailo. 
264 1 |a Cuenca, Ecuador :  |b Universidad del Azuay, Casa Editora,  |c [2018] 
300 |a 1 online resource :  |b illustrations. 
336 |a text  |b txt  |2 rdacontent 
337 |a computer  |b c  |2 rdamedia 
338 |a online resource  |b cr  |2 rdacarrier 
347 |a text file  |2 rdaft 
347 |b PDF 
504 |a Includes bibliographical references. 
588 0 |a Online resource; title from PDF title page (Digitalia, viewed January 14, 2026) 
650 0 |a Cervix uteri  |x Cancer  |x Diagnosis. 
700 1 |a Martínez Borrero, Pedro,  |e author. 
700 1 |a Matailo, Luci,  |e author. 
791 2 |a Digitalia (Firm),  |e distributor. 
793 0 |g Digitalia eBook Collection:  |a Universidad del Azuay 
776 0 8 |i Print version:  |a Muñoz Avilés, Oswaldo.  |t Mujeres sanas sin cáncer de útero.  |d Cuenca, Ecuador : Universidad del Azuay, Casa Editora, [2018]  |z 9789942778611 
856 4 0 |3 Digitalia Hispánica  |u https://www.digitaliapublishing.com/a/133431/ 
910 |a Premium collection: 2026